Llwytho...

Donald Davidson on truth meaning and interpretation

Manylion Llyfryddiaeth
Prif Awdur: Bindu. C
Fformat: Electronic Thesis
Iaith:English
Pynciau:
Mynediad Ar-lein:http://hdl.handle.net/10603/55939
LEADER 00617nam a2200205Ia 4500
001 55703
008 190202t ii ||||fom||| 00| 0 eng d
100 |a Bindu. C 
245 |a Donald Davidson on truth meaning and interpretation 
300 |a xii,270p. 
502 |a Thesis (Ph. D.) -- Department of Philosophy, University of Calicut, 
504 |a Includes bibliographical references (p.258-270) and abstract. 
546 |a English 
653 |a Philosophy 
653 |a Philosophy 
653 |a Philosophy 
796 |a Kanthamani, A 
856 |u http://hdl.handle.net/10603/55939 
952 |a ON  |c ETD  |y ETD 
999 |c etd55703